00684nam a2200229 a 4500001001300000003000900013005001700022008004100039020001000080082002000090100001900110245005500129260003900184300000900223500003500232505001000267650001400277902000800291942000700299952013300306999001500439nice12345678IN_TiNIC20260116012816.0050524s1982 dela grp 000 0 eng  ac12000a305.480297bPAP aPapanek, Hanna aSeparate Worldsb Studies of Purdah in South Asia. aDelhibChanakya Publicationsc1982 a317p aincludes index and biblioraphy2 aIndex aSociology bSRS cBK 001040708StackRoom-aHMIbHMId2007-03-26g120.00l1o305.480297 PAPp012517r2023-03-10s2023-03-02v120.00w2005-05-24yBK c8464d8464